Rna Interference (Record no. 589381)

MARC details
000 -LEADER
fixed length control field 00393nam a22001457a 4500
008 - FIXED-LENGTH DATA ELEMENTS--GENERAL INFORMATION
fixed length control field 250924b |||||||| |||| 00| 0 eng d
020 ## - INTERNATIONAL STANDARD BOOK NUMBER
ISBN 9781845934101
Paper back/Hardbound pbk
041 ## - LANGUAGE CODE
Language code of text/sound track or separate title eng
082 ## - DEWEY DECIMAL CLASSIFICATION NUMBER
Classification number 572.88
Item number DOR
100 ## - MAIN ENTRY--AUTHOR NAME
Personal name Tim Doran
245 ## - TITLE STATEMENT
Title Rna Interference
Sub Title : methods for plants and animals
Statement of responsibility, etc Doran, Tim
260 ## - PUBLICATION, DISTRIBUTION, ETC. (IMPRINT)
Place of publication Uk
Name of publisher Cab International
Year of publication 2008
942 ## - ADDED ENTRY ELEMENTS (KOHA)
Koha item type Reference
Holdings
Withdrawn status Lost status Damaged status Not for loan Home library Current library Shelving location Date acquired Full call number Accession Number Price effective from Koha item type
        Anna Centenary Library Anna Centenary Library 5TH FLOOR, A WING 18.08.2010 572.88 DOR 164334 24.09.2025 Reference

Find us on the map